Томский государственный университет имени В. В. Куйбышева: Очерки по истории первого сибирского университета за 75 лет (1880-1955)

Bibliographic Details
Main Author: Зайченко П. А. Петр Акимович
Language:Russian
Published: Томск, Изд-во ТГУ, 1960
Subjects:
Format: MixedMaterials Book
KOHA link:https://koha.lib.tpu.ru/cgi-bin/koha/opac-detail.pl?biblionumber=18757

MARC

LEADER 00000nam0a2200000 4500
001 18757
005 20231101205228.0
035 |a (RuTPU)RU\TPU\book\18910 
035 |a BOOK00000119 
090 |a 18757 
100 |a 20011209d1960 k y0rusy50 ca 
101 0 |a rus 
102 |a RU 
105 |a a z 010zy 
200 1 |a Томский государственный университет имени В. В. Куйбышева  |e Очерки по истории первого сибирского университета за 75 лет (1880-1955)  |f П. А. Зайченко 
210 |a Томск  |c Изд-во ТГУ  |d 1960 
215 |a 478 с.  |c ил. 
316 |5 63413507: М-133507  |a На форзаце дарственная надпись: "Дорогому Иннокентию Николаевичу 9/XII-1961. Положий" 
317 |5 63413507: М-133507  |a Поступила в НТБ в 1970 г. в составе книжного собрания профессора ТПИ И. Н. Бутакова 
606 1 |a Университеты  |2 stltpush  |3 (RuTPU)RU\TPU\subj\63052  |9 80100 
610 1 |a образование 
610 1 |a высшее образование 
610 1 |a Сибирь 
610 1 |a университетское образование 
610 1 |a Томск 
610 1 |a Томский государственный университет 
610 1 |a история 
610 1 |a ТГУ 
610 1 |a дарственная надпись 
610 1 |a библиотека И. Н. Бутакова 
675 |a 378  |v 3 
686 |a Ч484(2)71  |2 rubbk 
700 1 |a Зайченко  |b П. А.  |g Петр Акимович 
801 0 |a RU  |b 63413507  |c 20011209  |g PSBO 
801 2 |a RU  |b 63413507  |c 20190919  |g PSBO 
942 |c BK